000 00427nam a2200157Ia 4500
005 20250603145307.0
008 250603s9999 xx 000 0 und d
020 _a9781260462296
050 _aQA 76.73.P98 .K66/
100 _aKonasani, Venkata Reddy
245 0 _aMachine learning and deep learning using python and tensorflow
260 _bMcGraw-Hill Companies, Inc.
260 _c2020
300 _a321 p
942 _cBK
999 _c41438
_d41438